<?xml version="1.0" encoding="UTF-8"?><?xml-stylesheet type="text/xsl" href="static/style.xsl"?><OAI-PMH xmlns="http://www.openarchives.org/OAI/2.0/" xmlns:xsi="http://www.w3.org/2001/XMLSchema-instance" xsi:schemaLocation="http://www.openarchives.org/OAI/2.0/ http://www.openarchives.org/OAI/2.0/OAI-PMH.xsd"><responseDate>2026-04-29T22:57:34Z</responseDate><request verb="GetRecord" identifier="oai:repisalud.isciii.es:20.500.12105/10975" metadataPrefix="marc">https://repisalud.isciii.es/rest/oai/request</request><GetRecord><record><header><identifier>oai:repisalud.isciii.es:20.500.12105/10975</identifier><datestamp>2024-05-21T11:02:21Z</datestamp><setSpec>com_20.500.12105_2203</setSpec><setSpec>com_20.500.12105_2202</setSpec><setSpec>col_20.500.12105_19505</setSpec></header><metadata><record xmlns="http://www.loc.gov/MARC21/slim" xmlns:dcterms="http://purl.org/dc/terms/" xmlns:doc="http://www.lyncode.com/xoai" xmlns:xsi="http://www.w3.org/2001/XMLSchema-instance" xsi:schemaLocation="http://www.loc.gov/MARC21/slim http://www.loc.gov/standards/marcxml/schema/MARC21slim.xsd">
   <leader>00925njm 22002777a 4500</leader>
   <datafield ind2=" " ind1=" " tag="042">
      <subfield code="a">dc</subfield>
   </datafield>
   <datafield ind2=" " ind1=" " tag="720">
      <subfield code="a">Instituto de Salud Carlos III. Centro Nacional de Epidemiología</subfield>
      <subfield code="e">author</subfield>
   </datafield>
   <datafield ind2=" " ind1=" " tag="260">
      <subfield code="c">2019-11-10</subfield>
   </datafield>
   <datafield ind2=" " ind1=" " tag="520">
      <subfield code="a">La actividad gripal se sitúa en valores propios del periodo pre-epidémico. En la semana 45/2019 la tasa global de incidencia de gripe es de 12,2 casos por 100.000 habitantes. De las 49 muestras centinela enviadas para confirmación virológica esta semana, 4 (8,2%) han sido positivas para el virus de la gripe: dos tipo A [una A(H3N2) y una A no subtipado] y dos tipo B. Se identifican 21 detecciones VRS entre las 507 muestras analizadas (tasa de detección 4,2%). Desde el inicio de la temporada, se han notificado casos hospitalizados con gripe en cuatro CCAA. La mayor proporción de casos se registra en los grupo de >64 años (45%) y de 15 a 64 años (45%). El 91% son infecciones de virus A [56% A(H1N1)pdm09 y 44% A(H3N2)] En la semana 44/2019 la actividad gripal en Europa se mantuvo en niveles propios de intertemporada en todos los países. De las 626 muestras centinela enviadas, 17 (2,3%) fueron positivas, siendo el 80% virus A (80% A(H3N2) entre los subtipados) y 20% virus B. En la zona templada del hemisferio norte la actividad gripal se mantienen en niveles propios de intertemporada. Sin embargo, continúa aumentando en los países de la Península Arábiga. En la zona templada del hemisferio sur la actividad fue baja, aunque en Chile continúa circulando el virus B. La mayoría de los virus de la gripe detectados a nivel global son del tipo A (69%), con un 57% de A(H3N2) entre los subtipados.</subfield>
   </datafield>
   <datafield ind1="8" ind2=" " tag="024">
      <subfield code="a">http://hdl.handle.net/20.500.12105/10975</subfield>
   </datafield>
   <datafield tag="653" ind2=" " ind1=" ">
      <subfield code="a">Gripe</subfield>
   </datafield>
   <datafield tag="653" ind2=" " ind1=" ">
      <subfield code="a">Vigilancia Epidemiológica</subfield>
   </datafield>
   <datafield ind2="0" ind1="0" tag="245">
      <subfield code="a">Informe semanal de Vigilancia de la Gripe en España Semana 45/2019 (04-10 de noviembre de 2019) Nº 592. 14 de noviembre de 2019</subfield>
   </datafield>
</record></metadata></record></GetRecord></OAI-PMH>